00299 2200133 4500245004400000250001100044100002000055650001600075005001900091260001800110041001400128084001400142336000900156 aPotongan SayurancNanda HidayantihText aCet. 1 aNanda Hidayanti aKarya Siswa a20250526110527 aJakartac2025 aIndonesia a081 NAN p atext